Estatísticas para Portugueses com mais Sucesso Mundial

Clique aqui para jogar o quiz

Estatísticas Gerais

  • Esse quiz foi jogado 60 vezes
    (52 desde o último reset)
  • A pontuação média é 5 de 17

Estatísticas das Respostas

#Personalidade% Correto
1.Cristiano Ronaldo
98%
12.Eusébio
55%
11.Luis Figo
55%
3.Amália Rodrigues
52%
7.José Mourinho
45%
17.Daniela Ruah
43%
8.Mariza
32%
4.José Saramago
27%
13.Durão Barroso
20%
6.Luís de Camões
20%
9.Sara Sampaio
20%
5.Vasco da Gama
20%
10.António Guterres
18%
2.Fernando Pessoa
18%
15.António Damásio
5%
16.Maria João Pires
5%
14.Álvaro Siza Vieira
2%

Distribuição das Pontuações

Percentil de Números Respondidos

Porcentagem de Pessoas com Cada Pontuação

Sua Pontuação Histórica

Você não jogou esse quiz desde o último reset